Nuevo diccionario de americanismos. Tomo II: Nuevo diccionario de Argentinismos

Bewaard in:
Bibliografische gegevens
Formaat: Boek
Taal:Undetermined
Gepubliceerd in: Bogotá, Colombia Instituto Caro y Cuervo 1993
Onderwerpen:
Tags: Voeg label toe
Geen labels, Wees de eerste die dit record labelt!

MARC

LEADER 00000nam a2200000Ia 4500
008 170316s9999 xx 000 0 und d
040 |a cru BVZT 
090 |a REF 
245 |a Nuevo diccionario de americanismos. Tomo II: Nuevo diccionario de Argentinismos 
260 |a Bogotá, Colombia 
260 |b Instituto Caro y Cuervo 
260 |c 1993 
300 |a 706 páginas 
650 |a REFERENCIA 
650 |a DICCIONARIO 
650 |a AMÉRICANISMOS 
650 |a ARGENTINISMOS 
942 |c REF 
999 |c 15032  |d 15032